MARC details
| 000 -LÍDER |
| campo de controle de tamanho fixo |
01324naa a22003497a 4500 |
| 001 - NÚMERO DE CONTROLE |
| campo de controle |
BR7603162 |
| 003 - IDENTIFICADOR DO NÚMERO DE CONTROLE |
| campo de controle |
BR-BrBNA |
| 005 - DATA E HORÁRIO DA ÚLTIMA TRANSAÇÃO |
| campo de controle |
20240918173853.0 |
| 007 - CAMPO FIXO DE DESCRIÇÃO FÍSICA--INFORMAÇÃO GERAL |
| campo de controle de tamanho fixo |
ta |
| 008 - CAMPO DE DADOS FIXOS--INFORMAÇÃO GERAL |
| campo de controle de tamanho fixo |
230509b bl.||||| |||| 00| 0 por d |
| 040 ## - FONTE DA CATALOGAÇÃO |
| Instituição da catalogação original |
BR-BrBNA |
| Idioma da catalogação |
por |
| Instituição que transcreveu o registro |
Biblioteca Nacional de Agricultura |
| 041 ## - CÓDIGO DE IDIOMA |
| Código do idioma do texto/trilha sonora ou título diferente |
(Pt) |
| 072 ## - CÓDIGO DE CATEGORIA DE ASSUNTO |
| Código de Categoria de Assunto |
F24; F23; P12 |
| Código do objeto |
/G514 |
| 090 ## - NÚMERO DE CHAMADA LOCAL |
| Número de chamada |
F24 BR7603162 |
| 100 1# - ENTRADA PRINCIPAL--NOME PESSOAL |
| Nome pessoal |
Averbeck, H. |
| 100 1# - ENTRADA PRINCIPAL--NOME PESSOAL |
| Nome pessoal |
Cunha, N.G. da |
| 100 1# - ENTRADA PRINCIPAL--NOME PESSOAL |
| Nome pessoal |
Goncalves, A.R. |
| 111 1# - ENTRADA PRINCIPAL--NOME DO EVENTO |
| Nome do evento ou lugar |
15. Congresso Brasileiro de Ciencia do Solo |
| Local do evento |
Campinas, SP (Brazil) |
| Data do evento ou assinatura do tratado |
14 Jul 1975 |
| 245 1# - TÍTULO |
| Título |
Estudo de solos entre Jaguarao e Bretanha - levantamento semi-detalhado [Levantamento fisiografico; Horizonte; Perfil do solo; Infiltracao; Permeabilidade; Rio Grande do Sul; Brasil] |
| 260 3# - PUBLICAÇÃO, DISTRIBUIÇÃO, ETC. |
| Local de publicação, distribuição, etc. |
Campinas, SP (Brasil): |
| Data da publicação, distribuição, etc. |
1976. |
| 500 ## - NOTA GERAL |
| Nota geral |
Anais do 15. Congresso Brasileiro de Ciencia do Solo<br/>Campinas, SP (Brasil): 1976. p. 363-367<br/>(BR7603162-AM)F24<br/> |
| 650 ## - ASSUNTO--TERMO TÓPICO |
| Cabeçalho tópico ou nome geográfico |
IRRIGACAO |
| 650 ## - ASSUNTO--TERMO TÓPICO |
| Cabeçalho tópico ou nome geográfico |
LEVANTAMENTO FISIOGRAFICO |
| 650 ## - ASSUNTO--TERMO TÓPICO |
| Cabeçalho tópico ou nome geográfico |
HORIZONTE |
| 650 ## - ASSUNTO--TERMO TÓPICO |
| Cabeçalho tópico ou nome geográfico |
PERFIL DO SOLO |
| 650 ## - ASSUNTO--TERMO TÓPICO |
| Cabeçalho tópico ou nome geográfico |
INFILTRACAO |
| 650 ## - ASSUNTO--TERMO TÓPICO |
| Cabeçalho tópico ou nome geográfico |
PERMEABILIDADE |
| 650 ## - ASSUNTO--TERMO TÓPICO |
| Cabeçalho tópico ou nome geográfico |
RIO GRANDE DO SUL |
| 773 0# - ENTRADA ANALÍTICA |
| Título |
Anais do 15. Congresso Brasileiro de Ciencia do Solo |
| Número de controle do registro |
F24 BR7603162 |
| Partes relacionadas |
Campinas, SP (Brasil), 1976. p. 363-367 |
| 909 ## - |
| -- |
202404 |
| -- |
Lucia |
| -- |
55 |
| -- |
Lucia Elande |
| 942 ## - ELEMENTOS DE ENTRADA ADICIONADOS (KOHA) |
| Tipo de material Koha |
Capítulo-Livro |
| Fonte da classificação ou esquema de arquivamento na estante |
Classificação AGRIS |